000 00358nam a2200121Ia 4500
008 160609s9999 xx 000 0 und d
100 _aBiderman, Gabriel.
245 _aNight Photography: From Snapshots to Great Shots
245 _cBy:Gabriel Biderman
260 _c2013
650 _xPHOTOGRAPHY
856 _uhttp://file.ebook777.com/016/9780321948533.rar
999 _c295782
_d295782